Business reports in English
Business reports in English is designed for two target group who need or will need to read and write business reports: practising managers and secretarial personnel in fields such as administration, export, finace, general business, marketing, personnel and production; and then business stidies stud...
Đã lưu trong:
| Príomhúdar: | |
|---|---|
| Formáid: | Leabhar |
| Teanga: | Undetermined |
| Foilsithe: |
Cambridge, UK
Cambridge University Press
2002
|
| Ábhair: | |
| Clibeanna: |
Cuir Clib Leis
Gan Chlibeanna, Bí ar an gcéad duine leis an taifead seo a chlibeáil!
|
| Thư viện lưu trữ: | Trung tâm Học liệu Trường Đại học Cần Thơ |
|---|
| LEADER | 00969nam a2200217Ia 4500 | ||
|---|---|---|---|
| 001 | CTU_113051 | ||
| 008 | 210402s9999 xx 000 0 und d | ||
| 020 | |c 207000 | ||
| 082 | |a 808.066651021 | ||
| 082 | |b C732 | ||
| 100 | |a Comford, Jeremy | ||
| 245 | 0 | |a Business reports in English | |
| 245 | 0 | |c Jeremy Comford, Rod Revel, and Chris Stott | |
| 260 | |a Cambridge, UK | ||
| 260 | |b Cambridge University Press | ||
| 260 | |c 2002 | ||
| 520 | |a Business reports in English is designed for two target group who need or will need to read and write business reports: practising managers and secretarial personnel in fields such as administration, export, finace, general business, marketing, personnel and production; and then business stidies students. | ||
| 650 | |a English language,English language,Business report writing | ||
| 650 | |x Business english,Textbooks for foreign speakers | ||
| 904 | |i Minh | ||
| 980 | |a Trung tâm Học liệu Trường Đại học Cần Thơ | ||